• 首页
  • 本馆介绍
  • 公告通知
  • 最新文献
  • 馆藏检索
  • 电子资源
  • 读者导购
  • 参考咨询
  • 我的图书馆
  • 登录
  • 详细信息显示
  • 放入我的书架
  • 预约/预借图书
  • 作者相关作品
  • 分类相关作品
  • 丛书相关作品
  • 出版社相关作品

书目信息

  • 表格格式
  • 工作单格式
  • 卡片格式
题名:
空气环境监测
    
 
作者: 梁晓星 主编
分册:  
出版信息: 北京   化学工业出版社  2005
页数: 233页
开本: 21cm
丛书名:
单 册:
中图分类: X831
科图分类:
主题词: 大气环境--环境监测--高等教育--教材 , 大气环境 , 环境监测
电子资源:
ISBN: 7-5025-6958-8
000 00922nam0 2200277 450
001 002931408
005 20070720112606.21
010    @a7-5025-6958-8@dCNY14.00
035    @a002931408
100    @a20050628d2005 em y0chiy0110 ea
101 0  @achi
102    @aCN@b110000
105    @ay z 000yy
106    @ar
200 1  @a空气环境监测@Akong qi huan jing jian ce@f梁晓星主编@Fliang xiao xing zhu bian
210    @a北京@c化学工业出版社@d2005
215    @a233页@c图@d21cm
300    @a教育部高职高专规划教材
330    @a本书包括空气污染的形成、空气污染与大气扩散、空气监测网络设计和采样技术、空气室内监测技术、空气自动监测系统、空气污染源监测、空气污染指数和空气中常见的污染物分析方法等内容。
606 0  @a大气环境@x环境监测@x高等教育@j教材
606 0  @a大气环境
606 0  @a环境监测
690    @aX831@v4
701  0 @a梁晓星@Aliang xiao xing@4主编
801  0 @aCN@bNLC@c20070720
905    @dX831@e90@f5
    
    空气环境监测/梁晓星主编.-北京:化学工业出版社,2005
    233页:图;21cm
    教育部高职高专规划教材
    
    ISBN 7-5025-6958-8:CNY14.00
    本书包括空气污染的形成、空气污染与大气扩散、空气监测网络设计和采样技术、空气室内监测技术、空气自动监测系统、空气污染源监测、空气污染指数和空气中常见的污染物分析方法等内容。
●
相关链接 在E读中查询图书 在五车中查询图书 在当当中查询图书 在豆瓣中查询图书


正题名:空气环境监测     索取号:X831/90         预约/预借

序号 登录号 条形码 馆藏地/架位号 状态 备注
1 0850323   208503234   第二样本阅览室/ [索取号:X831/90] 在馆    
2 0850324   208503243   第三借阅区/ [索取号:X831/90] 在馆    
3 0850326   208503261   第三借阅区/ [索取号:X831/90] 在馆    
4 0850326   208503252   第三借阅区/ [索取号:X831/90] 在馆    
5 0850327   208503270   第三借阅区/ [索取号:X831/90] 在馆    
唐山师范学院图书馆 欢迎您!
大连网信软件有限公司© 版权所有